|
|
|
|
| LEADER |
00937naa a2200337 a 4500 |
| 001 |
000000685 |
| 003 |
SVKKK |
| 005 |
20071022131520.0 |
| 008 |
030616c1991 xo e sloo |
| FMT |
|
|
|
| 038 |
|
|
|a SVKKK
|
| 040 |
|
|
|a SVKKK
|b slo
|e AACR2
|
| 041 |
0 |
|
|a slo
|
| 044 |
|
|
|a xo
|c SK
|
| 080 |
|
|
|a 550.3
|2 1981
|
| 080 |
|
|
|a 553.7.031.2
|2 1981
|
| 130 |
0 |
|
|a Geotermálna
|
| 245 |
0 |
0 |
|a Geotermálna energia, výskum možností reinjektáže a hodnotenie potenciálu SR
|
| 650 |
0 |
4 |
|a aj Slovensko východné
|x štúdie
|
| 650 |
0 |
4 |
|a energia geotermálna
|x využitie
|
| 650 |
0 |
4 |
|a vody geotermálne
|
| 773 |
0 |
|
|t Ročenka Geologického ústavu Dionýza Štúra za rok 1990
|d Bratislava : Geologický ústav Dionýza Štúra, 1991
|g S. 76-84
|
| 957 |
|
|
|a Slovensko
|
| 957 |
|
|
|a východné Slovensko
|
| 958 |
|
|
|a NA
|
| 958 |
|
|
|a ZB
|
| 974 |
|
|
|d 960424
|a 246
|
| 992 |
|
|
|a RZB
|
| BAS |
|
|
|
| 852 |
|
|
|a SVKKK
|b BIB
|
| 998 |
|
|
|a GEO
|